Pays, capitales et Etats des USA par deux premières lettres - Statistiques

Statistiques générales
  • Ce quiz a été pris 11 371 fois
  • Le résultat moyen est 381 sur 495
Réponses sur la Carte
Les réponses sont colorées sur une échelle allant du rouge au vert en fonction du pourcentage des utilisateurs qui les ont devinées à leur premier essai. Vous pouvez retrouver ces pourcentages ci-dessous.
 
Statistiques - réponses
Réponse % Correct
Alabama
97%
Alaska
97%
Albanie
97%
Albany
97%
Alger
97%
Algérie
97%
Allemagne
97%
Californie
97%
Cambodge
97%
Cameroun
97%
Canada
97%
Canberra
97%
Cap Vert
97%
Caracas
97%
Caroline du Nord
97%
Caroline du Sud
97%
Carson City
97%
Castries
97%
Arabie Saoudite
95%
Argentine
95%
Arizona
95%
Arkansas
95%
Arménie
95%
Macédoine
95%
Madagascar
95%
Madison
95%
Madrid
95%
Maine
95%
Majuro
95%
Malabo
95%
Malaisie
95%
Malawi
95%
Maldives
95%
Malé
95%
Mali
95%
Malte
95%
Managua
95%
Manama
95%
Manille
95%
Maputo
95%
Maroc
95%
Marshall
95%
Maryland
95%
Mascate
95%
Maseru
95%
Massachusetts
95%
Maurice
95%
Mauritanie
95%
Pakistan
95%
Palaos
95%
Palikir
95%
Panama
95%
Panama City
95%
Papouasie Nouvelle Guinée
95%
Paraguay
95%
Paramaribo
95%
Paris
95%
Pays-Bas
95%
Brasilia
94%
Bratislava
94%
Brazzaville
94%
Brésil
94%
Bridgetown
94%
Brunei
94%
Bruxelles
94%
Colombie
94%
Colorado
94%
Columbia
94%
Columbus
94%
Comores
94%
Conakry
94%
Concord
94%
Congo
94%
Connecticut
94%
Copenhague
94%
Corée du Nord
94%
Corée du Sud
94%
Costa Rica
94%
Côte d'Ivoire
94%
France
94%
Frankfort
94%
Freetown
94%
Melekeok
94%
Mexico
94%
Mexique
94%
Mogadiscio
94%
Moldavie
94%
Monaco
94%
Mongolie
94%
Monrovia
94%
Montana
94%
Montenegro
94%
Montevideo
94%
Montgomery
94%
Montpelier
94%
Moroni
94%
Moscou
94%
Mozambique
94%
Augusta
93%
Austin
93%
Australie
93%
Autriche
93%
Charleston
93%
Cheyenne
93%
Chili
93%
Chine
93%
Chisinau
93%
Chypre
93%
Podgorica
93%
Pologne
93%
Port-au-Prince
93%
Port d'Espagne
93%
Port Louis
93%
Port Moresby
93%
Porto-Novo
93%
Portugal
93%
Port-Vila
93%
Russie
93%
Dacca
92%
Dakar
92%
Dakota du Nord
92%
Dakota du Sud
92%
Damas
92%
Danemark
92%
Espagne
92%
Estonie
92%
Eswatini
92%
Indiana
92%
Indianapolis
92%
Indie
92%
Indonésie
92%
Liban
92%
Libéria
92%
Libreville
92%
Libye
92%
Liechtenstein
92%
Lilongwe
92%
Lima
92%
Lincoln
92%
Lisbonne
92%
Little Rock
92%
Lituanie
92%
Norvège
92%
Nouakchott
92%
Noursoultan
92%
Nouveau Mexique
92%
Nouvelle Zélande
92%
Nebraska
91%
Népal
91%
Nevada
91%
New Delhi
91%
New Hampshire
91%
New Jersey
91%
New York
91%
Sucre
91%
Suède
91%
Suisse
91%
Suriname
91%
Suva
91%
Afghanistan
90%
Afrique du Sud
90%
Rome
90%
Roseau
90%
Roumanie
90%
Royaume-Uni
90%
Tunis
90%
Tunisie
90%
Turkménistan
90%
Turquie
90%
Tuvalu
90%
Pennsylvanie
89%
Pérou
89%
Andorre
88%
Andorre la Vieille
88%
Angola
88%
Ankara
88%
Annapolis
88%
Antananarive
88%
Antigua et Barbuda
88%
Fidji
88%
Finlande
88%
Irak
88%
Iran
88%
Irlande
88%
Jackson
87%
Jakarta
87%
Jamaïque
87%
Japon
87%
Bogota
86%
Boise
86%
Bolivie
86%
Bosnie Herzégovine
86%
Boston
86%
Botswana
86%
Islamabad
86%
Islande
86%
Israël
86%
Kaboul
86%
Kampala
86%
Kansas
86%
Katmandou
86%
Kazakhstan
86%
Egypte
85%
Tegucigalpa
85%
Téhéran
85%
Tennessee
85%
Texas
85%
Beijing
84%
Belgique
84%
Belgrade
84%
Belize
84%
Belmopan
84%
Bénin
84%
Berlin
84%
Bern
84%
Beyrouth
84%
Italie
84%
Le Caire
83%
Le Cap
83%
Lesotho
83%
Lettonie
83%
Sofia
83%
Solomon
83%
Somalie
83%
Soudan
83%
Soudan du Sud
83%
Vénézuela
83%
Vermont
83%
Bichkek
82%
Biélorussie
82%
Bismarck
82%
Bissau
82%
Lome
82%
Londres
82%
Louisiane
82%
Michigan
82%
Micronésie
82%
Minnesota
82%
Minsk
82%
Mississippi
82%
Missouri
82%
Victoria
82%
Vienne
82%
Vientiane
82%
Vietnam
82%
Vilnius
82%
Virginie
82%
Virginie Occidentale
82%
Rep. of the Congo
81%
République Dominicaine
81%
République Tchèque
81%
Reykjavik
81%
Sacramento
81%
Saint Christophe
81%
Saint Domingue
81%
Sainte Lucie
81%
Saint George's
81%
Saint John's
81%
Saint Marin
81%
Saint Paul
81%
Saint Vincent et les Grenadines
81%
Salem
81%
Salt Lake City
81%
Salvador
81%
Samoa
81%
Sana'a
81%
San José
81%
San Salvador
81%
Santa Fe
81%
Santiago
81%
Sao Tome
81%
São Tomé et Príncipe
81%
Sarajevo
81%
Sénégal
81%
Séoul
81%
Serbie
81%
Seychelles
81%
Tachkent
81%
Tadjikistan
81%
Taipei
81%
Taiwan
81%
Tallahassee
81%
Tallinn
81%
Tanzanie
81%
Tarawa
81%
Washington
81%
Bagdad
80%
Bahamas
80%
Bahreïn
80%
Bakou
80%
Bamako
80%
Bandar Seri Begawan
80%
Bangkok
80%
Bangladesh
80%
Bangui
80%
Banjul
80%
Barbade
80%
Basseterre
80%
Baton Rouge
80%
Guatemala
80%
Guatemala City
80%
Guinée
80%
Guinée-Bissau
80%
Guinée Equatoriale
80%
Guyana
80%
La Havane
80%
Lansing
80%
Laos
80%
La Paz
80%
La Valette
80%
Niamey
80%
Nicaragua
80%
Nicosie
80%
Niger
80%
Nigeria
80%
Ukraine
80%
Bucarest
79%
Budapest
79%
Buenos Aires
79%
Bulgarie
79%
Burkina Faso
79%
Burundi
79%
Etats-Unis
79%
Ethiopie
79%
Togo
77%
Tokyo
77%
Tonga
77%
Topeka
77%
Kiev
76%
Kigali
76%
Kingston
76%
Kingstown
76%
Kinshasa
76%
Kirghizistan
76%
Kiribati
76%
Grèce
75%
Grenade
75%
Nairobi
75%
Namibie
75%
Nashville
75%
Nassau
75%
Nauru
75%
Naypyidaw
75%
Uruguay
75%
Equateur
73%
Georgetown
73%
Géorgie
73%
Cuba
72%
Honduras
72%
Hongrie
72%
Honiara
72%
Honolulu
72%
Ouagadougou
72%
Ouganda
72%
Oulan-Bator
72%
Ouzbékistan
72%
Thailande
72%
Thimphou
72%
Yémen
72%
Kentucky
71%
Kenya
71%
Floride
69%
Oman
69%
Zagreb
69%
Zambie
69%
Tchad
68%
Vaduz
68%
Vanuatu
68%
Varsovie
68%
Vatican
68%
Dublin
67%
Philippines
67%
Phnom Penh
67%
Phoenix
67%
Sierra Leone
65%
Singapour
65%
Jordanie
64%
Luanda
64%
Lusaka
64%
Luxembourg
64%
Amman
63%
Amsterdam
63%
Zimbabwe
63%
Azerbaïdjan
62%
Centrafrique
62%
Gabon
62%
Gaborone
62%
Gambie
62%
Syrie
62%
Erevan
61%
Erythrée
61%
Athènes
59%
Atlanta
59%
Croatie
59%
Haïti
58%
Hanoï
58%
Harare
58%
Harrisburg
58%
Hartford
58%
Hawaï
58%
Sri J. Kotte
58%
Sri Lanka
58%
Oregon
57%
Slovaquie
57%
Slovénie
57%
Kosovo
56%
Koweït
56%
Koweït City
56%
Rabat
56%
Raleigh
56%
Richmond
56%
Riga
56%
Riyad
56%
Helena
55%
Helsinki
55%
Oslo
55%
Emirats Arabes Unis
54%
Ghana
53%
Windhoek
53%
Wisconsin
53%
Illinois
51%
Stockholm
51%
Dodoma
49%
Doha
49%
Dominique
49%
Douchanbé
49%
Dover
49%
Prague
49%
Praia
49%
Prétoria
49%
Pristina
49%
Providence
49%
Timor Oriental
49%
Tirana
49%
Asmara
48%
Asuncion
48%
Delaware
48%
Denver
48%
Des Moines
48%
Idaho
48%
Utah
48%
Abou Dabi
47%
Abuja
47%
Myanmar
46%
Ohio
45%
Quito
45%
Qatar
44%
Wyoming
44%
Trenton
43%
Trinité et Tobago
43%
Tripoli
43%
Djibouti
42%
Oklahoma
42%
Oklahoma City
42%
Iowa
41%
Pyongyang
41%
Addis Abeba
40%
Bhoutan
40%
Jefferson City
40%
Jérusalem
40%
Ottawa
39%
Accra
38%
Achgabat
38%
Wellington
37%
Dili
33%
Kuala Lumpur
31%
Pierre
29%
Apia
28%
Yamoussoukro
28%
Yaoundé
28%
Yaren
28%
Juba
27%
Juneau
27%
Rwanda
27%
Nuku'alofa
26%
Ljubljana
25%
Gitega
24%
Skopje
24%
Khartoum
23%
Rhode Island
23%
Tbilissi
23%
Funafuti
21%
Bloemfontein
20%
N'Djamena
19%
Olympia
18%
Mbabane
14%
Springfield
11%
Aucun quiz correspondant
Distribution des résultats
% des personnes avec chaque résultat
Percentile par nombre de réponses
Votre historique - résultats
Vous n’avez pas pris ce quiz